O golpe de 1964 e o rigime de 1968: aspectos conjunturais e variaveis históricas. = The 1964 Military Coup and the Regime of 1968: conjunctural aspects and historical variables /
Kaydedildi:
| Yazar: | |
|---|---|
| Materyal Türü: | Metin |
| Konular: | |
| Etiketler: |
Etiketle
Etiket eklenmemiş, İlk siz ekleyin!
|
MARC
| LEADER | 00000 a a2200000 04500 | ||
|---|---|---|---|
| 001 | 8317 | ||
| 003 | |||
| 040 | |||
| 100 | |a Nervo Coato, Adriano | ||
| 245 | |a O golpe de 1964 e o rigime de 1968: aspectos conjunturais e variaveis históricas. = |b The 1964 Military Coup and the Regime of 1968: conjunctural aspects and historical variables / |c Adriano Nervo Coato | ||
| 500 | |a Resumen tambien en Ingles | ||
| 650 | |a AUTORITARISMO | ||
| 650 | |a GOBIERNO MILITAR | ||
| 650 | |a DESARROLLO POLITICO | ||
| 650 | |a HISTORIA POLITICA | ||
| 650 | |a BRASIL | ||
| 773 | |g volumen 21, número 40; páginas 11-37 | ||
| 999 | |c 27573 |d 27573 | ||
